| 000 | 00500nam a22001097a 4500 | ||
|---|---|---|---|
| 008 | 110630t xxu||||| |||| 00| 0 eng d | ||
| 010 | _aLCCF134 | ||
| 245 | _aLaw Council of Uganda LCD 36 OF 1998 Kibinga Agencies LTD Vs Walter Okidi Ladwar | ||
| 260 | _c1998 | ||
| 500 | _aCORAM: Mr. E.M. Wante Mr. R.K Kasule Mr. E.K. Muhanguzi Ms. H.D. Musoke | ||
| 999 |
_c4360 _d4360 |
||